Datum a čas kvízu
32
Celkem bodů
Celkový počet nahraných bodů na tomto kvízu bez doplňovacích otázek.
3.
Pořadí na kvízu
Konečné umístění týmu na tomto kvízu.
Zaznamenané odpovědi
| # | Otázka | Odpověď | Body | Výsledky |
|---|---|---|---|---|
| 1. | Úřad jednoho města v okrese Pr... | 1 | ||
| 2. | Bývalý ukrajinský prezident by... | 1 | ||
| 3. | Minulou středu byla ve Valašsk... | 0 | ||
| 4. | Andrej Babiš se na zasedání Sv... | 1 | ||
| 5. | První vítězství ve světovém po... | 1 | ||
| 22. | Přiřaďte k sobě rodová a druho... | 1 | ||
| 23. | Několik druhů chameleonů (např... | 1 | ||
| 24. | Jak se nazývá tento živočich?... | 1 | ||
| 25. | Napište jméno herce s tureckým... | 1 | ||
| 10. | Které ministerstvo vedl Sebast... | 0 |